Normal view
MARC view
- تاليف لكعبي، عبد الحكيم
Entry Personal Name
001 - CONTROL NUMBER
- control field: 60294
003 - CONTROL NUMBER IDENTIFIER
- control field: JO-AjAnu
005 - DATE AND TIME OF LATEST TRANSACTION
- control field: 20230606083845.0
008 - FIXED-LENGTH DATA ELEMENTS
- fixed length control field: 230606|| aca||aabn | a|a d
040 ## - CATALOGING SOURCE
- Original cataloging agency: JO-AjAnu
- Transcribing agency: JO-AjAnu
100 ## - HEADING--PERSONAL NAME
- Personal name: تاليف لكعبي، عبد الحكيم
670 ## - SOURCE DATA FOUND
- Source citation: Work cat.: (JO-AjAnu)30748: تاليف لكعبي، عبد الحكيم, author, موسوعة التاريخ الاسلامي: عصر النبوة وما قبله